000 00561nam a2200169 4500
003 LK-CoDNM
005 20231205125910.0
008 231205b |||||||| |||| 00| 0 eng d
020 _a
040 _aLK-CoDNM
_dLK-CoDNM
_eLK-CoDNM
041 _aeng
245 _aMessenger of The Sacred Heart Jan-Dec 1929
_bශුද්ධ වූ හදවතේ පණිවිඩකරු
246 _aMessenger of The Sacred Heart Jan-Dec 1929
260 _aColombo
_bLitrature Committee Of The Catholic Union Of Ceylon
_c1929
300 _a299p;21cm
942 _n0
_cBK
999 _c143841
_d143841